English grammar: an outline
Na minha lista:
| Autor principal: | |
|---|---|
| Formato: | Livro |
| Idioma: | espanhol |
| Publicado em: |
Nueva York
Cambridge University
1988
|
| Assuntos: | |
| Tags: |
Adicionar Tag
Sem tags, seja o primeiro a adicionar uma tag!
|
MARC
| LEADER | 00000nam a2200000 a 4500 | ||
|---|---|---|---|
| 001 | UCX2942 | ||
| 003 | CL-VaPUC | ||
| 008 | 910909e19880000US |||||||||||||||||spa|d | ||
| 082 | 0 | 4 | |a 425 |b HUD |2 21 |
| 100 | |a Huddleston, Rodney |e author |9 319059 | ||
| 245 | 1 | 0 | |a English grammar: an outline |
| 300 | |a 212 p | ||
| 942 | |c BK | ||
| 945 | |d 19910909 00:00:00 | ||
| 260 | |a Nueva York |b Cambridge University |c 1988 | ||
| 650 | 0 | |a Inglés |9 260023 | |
| 650 | 0 | |a Gramática |9 270497 | |
| 583 | |a last modification |c 19910909 00:00:00 |k Rodrigo Vera | ||
| 999 | |c 223841 |d 223839 | ||
| 952 | |0 0 |1 0 |4 0 |6 425_000000000000000_HUD_1988 |7 0 |8 A |9 220052 |a BIBEDU |b BIBEDU |d 2019-11-15 |i 2887266 |o 425 HUD 1988 |p 2887266 |r 2019-11-15 |w 2019-11-15 |y BK |k LIT | ||
| 952 | |0 0 |1 0 |4 0 |6 425_000000000000000_HUD_1988 |7 0 |8 A |9 220053 |a BIBEDU |b BIBEDU |d 2019-11-15 |i 3224171 |o 425 HUD 1988 |p 3224171 |r 2019-11-15 |w 2019-11-15 |y BK |k LIT | ||